1966 1152 1735 1156 1060 1812 1735 1887 1583 1573 1911 1065 1646 1265 1852 1052 1461 1964 1896 1036 1254 1147 1285 1986 1555 1537 1988 1764 1815 1458 1026 1483 1716 1683 1567 1568 1568 1810 1751 1722 1353 1773 1862 1975 1565 1343 1944 1078 1273 1271 1480 1662 1556 1901 1266 1613 1883 1961 1922 1421 1367 1076 1591 1971 1916 1705 1081 1443 1839 1945 1967 1726 1943 1593 1621 1350 1779 1299 1582 1234 1511 1893 1306 1230 1679 1250 1733 1494 1662 1540 1101 1271 1317 1249 1840 1396 1423 1945 1625 BCNSPRNW ULIB Ver.6.0+V

เปลี่ยนเป็นภาษาไทย

Change to English
 แสดงรายละเอียดบรรณานุกรม
  กลับหน้าหลัก

Brief Record : Get Marc (ISO 2709) : E-mail record : QR code < ปิดหน้าต่าง
LEADER : 00000nam 2200000uu 4500
001    13399126855
003     ULIB
008    190612s2561||||th 000 0 tha d
020 ^  ^a9786164681583
050  0 ^aBF155.6713^bจ628จ
100 0  ^aจุฑามาศ แหนจอน.
245 1  ^aจิตวิทยาการรู้คิด /^cจุฑามาศ แหนจอน.
246 3  ^aCognitive psychology
250 ^  ^aพิมพ์ครั้งที่ 1.
260 ^  ^aกรุงเทพฯ :^bแกรนด์พอยท์,^c2561.
300 ^  ^a359 หน้า :^bภาพประกอบ ;^c26 ซม.
500 ^  ^aมีดัชนี.
505 2  ^aความรู้พื้นฐานด้านจิตวิทยาการรู้คิด -- โครงสร้างและการทำงานของสมอง -- การรับรู้ -- ความสนใจจดจ่อ -- ความจำ -- หน้าที่บริหารจัดการของสมอง -- ความรู้ -- การจินตภาพด้วยภาพ -- ภาษา -- การคิดแก้ปัญหา -- การให้เหตุผลและการตัดสินใจ.
650 ^  ^aความคิดสร้างสรรค์.
650 ^  ^aความจำ.
650 ^  ^aจิตวิทยา.
650 ^  ^aจิตวิทยาการรู้คิด.
650 ^  ^aปัญญา.
945    ^p0^l0^i27380
945    ^p0^l0^i27379
999    ^aกัณชพร จุลอักษร
รายการนี้ยังไม่มีแท็ก
คุณยังไม่ได้ล็อกอิน คุณสามารถมีกิจกรรมร่วมกับเว็บไซต์ได้ แต่ต้องล็อกอินก่อน ::
  ล็อกอิน

รายการสื่อสารสนเทศ

ลำดับที่ ประเภท เลขเรียก/บาร์โค้ด สถานที่ สถานะ
1. วิทยาศาสตร์การแพทย์ และสุขภาพ
วิทยาศาสตร์การแพทย์ และสุขภาพ
BF155.6713 จ628จ ฉ.1 
  Barcode: 27379
ห้องสมุดวิทยาเขตนครสวรรค์
►หนังสือทั่วไป:l:General Books
บนชั้น
2. วิทยาศาสตร์การแพทย์ และสุขภาพ
วิทยาศาสตร์การแพทย์ และสุขภาพ
BF155.6713 จ628จ ฉ.2 
  Barcode: 27380
ห้องสมุดวิทยาเขตนครสวรรค์
►หนังสือทั่วไป:l:General Books
บนชั้น

รายการใกล้เคียง
    ผู้แต่ง [จุฑามาศ แหนจอน.]

    หัวเรื่อง [ความคิดสร้างสรรค์.]
    หัวเรื่อง [ความจำ.]
    หัวเรื่อง [จิตวิทยา.]
    หัวเรื่อง [จิตวิทยาการรู้คิด.]
    หัวเรื่อง [ปัญญา.]

BibComment


ยังไม่เคยถูกคอมเมนท์

คอมเมนท์ทรัพยากรรายการนี้
  คอมเมนท์: จิตวิทยาการรู้คิ..


 Copyright 2026. Bcnsprnw @Library